000 00494cam a2200205ua 4500
001 8183
005 20260515114313.0
008 150110n ii |||gr||||Z||||||hin
040 _cMAIN
041 _ahin
082 _a891.432
100 _aMajumdar, D.,
_eAuthor.
245 1 _aTamrapatra
_cBy Devashish Majumdar
250 _a1st.
260 _aNew Delhi:
_bRajkamal,
_c1998.
300 _a86p.
653 _aEast Indo-European & Celtic literatures
653 _aHindi drama
942 _cBK
999 _c7293
_d7293